| 000 | 00674nas a2200241 4500 | ||
|---|---|---|---|
| 001 | BR9504859 | ||
| 003 | BR-BrBNA | ||
| 005 | 20231205094140.0 | ||
| 007 | ta | ||
| 008 | 230509b bl.|||p| |||| 00| 00por d | ||
| 040 |
_aBR-BrBNA _bpor _cBiblioteca Nacional de Agricultura |
||
| 041 | _a(Pt) | ||
| 072 | _aF02 | ||
| 100 | 1 | _aSimonetto, P.R. | |
| 100 | 1 | _aGrellmann, E.O. | |
| 245 | 1 | _aPereira: porta-enxertos e algumas cultivares | |
| 650 | _aPera | ||
| 650 | _aPorta Enxerto | ||
| 650 | _aVariedade | ||
| 773 | 0 |
_tIPAGRO Informa (Brazil) _xISSN 0100-3410 _g(Oct 1988), no. 31 p. 5-10 _wBR9504859 |
|
| 909 |
_a202311 _bLúcia _c55 _dLúcia Elande |
||
| 942 |
_2AGRIS _n0 _cANA |
||
| 999 |
_c142356 _d142356 |
||